000
00316nam a22001217a 4500
003
OSt
008
150215b xxu||||| |||| 00| 0 eng d
100
1
_a
Petersham, Maud and Miska
041
_a
eng
245
1
0
_a
America's Stamps - The Story of One Hundred Years of U.S. Postage Stamps
260
_c
1947
300
_a
0 pages
999
_c
791
_d
791